Nón Lorentz và ứng dụng trong tối ưu hóa : Luận văn tốt nghiệp Cao học. Chuyên ngành Toán giải tích

Đề tài giới thiệu các kiến thức cơ bản, khái niệm về nón Lorentz, các tính chất và xây dựng hàm trị vectơ xác định trên nón Lorentz, ứng dụng bài toán phần bù trên nón Lorentz trong không gian Hilbert thực....

ver descrição completa

Na minha lista:
Detalhes bibliográficos
Autor principal: Lê, Minh Huy
Formato: Livro
Idioma:Undetermined
Publicado em: Cần Thơ Trường Đại học Cần Thơ 2015
Assuntos:
Tags: Adicionar Tag
Sem tags, seja o primeiro a adicionar uma tag!
Thư viện lưu trữ: Trung tâm Học liệu Trường Đại học Cần Thơ
LEADER 01028nam a2200205Ia 4500
001 CTU_203649
008 210402s9999 xx 000 0 und d
082 |a 515 
082 |b H523 
100 |a Lê, Minh Huy 
245 0 |a Nón Lorentz và ứng dụng trong tối ưu hóa : 
245 0 |b Luận văn tốt nghiệp Cao học. Chuyên ngành Toán giải tích 
245 0 |c Lê Minh Huy ; Lâm Quốc Anh (Cán bộ hướng dẫn) 
260 |a Cần Thơ 
260 |b Trường Đại học Cần Thơ 
260 |c 2015 
520 |a Đề tài giới thiệu các kiến thức cơ bản, khái niệm về nón Lorentz, các tính chất và xây dựng hàm trị vectơ xác định trên nón Lorentz, ứng dụng bài toán phần bù trên nón Lorentz trong không gian Hilbert thực. 
650 |a Toán giải tích,Mathematical analysis 
904 |i Hải 
980 |a Trung tâm Học liệu Trường Đại học Cần Thơ